00449nam a2200145 i 450000100060000000300090000600500170001500700030003200800410003510000260007624501180010226000400022030000210026085200220028142633ES-MaACL20230906160642.0t|030313s1964 sp ||||1| spa d1 aCastelltort, Ramón.10aUn resplandor detrás del muro b: (drama en dos partes, distribuidas en nueve cuadros) / cRamón Castelltort. aMadrid : bCasa Pompiliana, c1964. a80 p. ; c18 cm. aES-MaACLjC-26476